| 000 | 00727 a2200265 4500 | ||
|---|---|---|---|
| 999 |
_c73631 _d21834 |
||
| 001 | 73631 | ||
| 003 | TR-AnTOB | ||
| 005 | 20230704163619.0 | ||
| 008 | 090130s1980 lu 00010 fre | ||
| 040 |
_aTR-AnTOB _beng _cTR-AnTOB _erda |
||
| 041 | _afre | ||
| 050 |
_aDH905 _b.A43 1980 |
||
| 090 | _aDH905 .A43 1980 | ||
| 245 | 0 |
_aAlbum pittoresque Du Grand-Duche de Luxembourg / _cJ. M. William Turner. |
|
| 264 | 1 |
_aLuxembourg : _bEditions Edouard Kutter, _c1980. |
|
| 300 |
_bres ; _c24 cm. |
||
| 590 | _aTOBB Devir. | ||
| 651 | 0 |
_aLuxembourg _vPictorial works _951782 |
|
| 700 |
_aTurner, J. M. William _951780 |
||
| 902 | _a0015696(009529) | ||
| 903 | _aMerkez Kütüphane | ||
| 942 |
_cBK _2lcc |
||
| 945 | _aOG,C.Ş | ||